Test z pisowni z języka angielskiego - Statystyki

Ogólne statystyki
  • Ten quiz został rozwiązany 44 razy
  • Średni wynik to 8 z 11
Statystyki odpowiedzi
Zagadnienie Odpowiedź % Poprawnych
conditional poprawnie
95%
language Poprawnie
90%
queae niepoprawnie
86%
enviornment niepoprawnie
81%
lingerrie niepoprawnie
79%
kerffufle niepoprawnie
76%
bookeeper niepoprawnie
64%
greatful niepoprawnie
60%
conscientious poprawnie
60%
vulnerable poprawnie
48%
connoisseur poprawnie
36%
Nie znaleziono quizów pasujących do podanych kryteriów
Rozkład punktacji
Procent ludzi z każdym wynikiem
Percentyl według liczby udzielonych odpowiedzi
Twoja historia wyników
Nie rozwiązałeś tego quizu